The Communist Party in power : a profile of party politics in Czechoslovakia /

Bibliographic Details
Main Author: Kaplan, Karel, 1928-
Format: Book
Language:English
Published: Boulder, Colo. : Westview Press, 1987.
Series:Westview special studies on the Soviet Union and Eastern Europe.
Subjects:

MARC

Tag First Indicator Second Indicator Subfields
LEADER 00000cam a2200000 a 4500
001 in00000024785
005 20151007054411.0
008 850501s1987 cou 00110 eng
010 |a  85011414  
020 |a 0865318239 (soft : alk. paper) :  |c $18.00 
035 |a (OCoLC)12103877 
035 |9 AAB4943AM 
040 |a DLC  |c DLC  |d TXA  |d UtOrBLW 
041 1 |a eng  |h cze 
043 |a e-cs--- 
049 |a TXAM  |c [A10909716] 
050 0 0 |a JN2229.A5  |b K298 1987 
082 0 |a 324.2437/075  |2 19 
100 1 |a Kaplan, Karel,  |d 1928- 
245 1 4 |a The Communist Party in power :  |b a profile of party politics in Czechoslovakia /  |c Karel Kaplan ; edited and translated by Fred Eidlin. 
264 1 |a Boulder, Colo. :  |b Westview Press,  |c 1987. 
300 |a xiii, 231 pages ;  |c 23 cm. 
336 |a text  |b txt  |2 rdacontent 
337 |a unmediated  |b n  |2 rdamedia 
338 |a volume  |b nc  |2 rdacarrier 
490 1 |a Westview special studies on the Soviet Union and Eastern Europe 
500 |a Includes index. 
610 2 0 |a Komunistická strana Československa. 
830 0 |a Westview special studies on the Soviet Union and Eastern Europe. 
999 |a MARS 
999 f f |s f27fda4f-0872-3066-809d-8e410952c797  |i ed225c4d-4175-37b3-b06e-84f1057ef0d4  |t 0 
952 f f |p ric  |a Texas A&M University  |b Rellis Campus  |c Joint Library Facility  |d Remote Storage  |t 0  |e JN2229.A5 K298 1987  |h Library of Congress classification  |i unmediated -- volume  |m A14810909716 
998 f f |a JN2229.A5 K298 1987  |t 0  |l Remote Storage